| 000 | 00421nam a2200133Ia 4500 | ||
|---|---|---|---|
| 008 | 211119s9999||||xx |||||||||||||| ||und|| | ||
| 082 |
_a894.812 3 _bJOS-M |
||
| 100 | _aJoseph, Sarah | ||
| 245 | 0 | _aMattathi | |
| 260 |
_bCurrent Books _aKottayam _c2003 |
||
| 300 | _a215p | ||
| 650 |
_aLiterature & rhetoric _v Literatures of other languagesaltaic, Uralic, Hyperborean & DravidianMalayalam _xGeneral Stack |
||
| 942 | _cBOOK | ||
| 999 |
_c116537 _d116537 |
||